Trenerzy Pogoni Szczecin - nagła śmierć - Statystyki

Ogólne statystyki
  • Ten quiz został rozwiązany 47 razy
  • Średni wynik to 6 z 15
Answers on the Grid
Answers color-coded by a green-red scale on the quiz's grid according to % correct below.
Ryszard Wieczorek
Piotr Nowak
Kosta Runjaić
Mariusz Rumak
Romuald Szukielowicz
Mariusz Kuras
Michał Probierz
Robert Kolendowicz
Jacek Zieliński
Kazimierz Moskal
Maciej Kędziorek
Marcin Sasal
Szymon Grabowski
Jens Gustafsson
Thomas Thomasberg
Waldemar Fornalik
Dariusz Marzec
Dawid Szulcek
Maciej Skorża
Orest Lenczyk
Franciszek Smuda
Marcin Kaczmarek
Florian Krygier
Artur Skowronek
Goncalo Feio
Maciej Stolarczyk
Leszek Ojrzyński
Jan Kocian
Dariusz Adamczuk
Jarosław Mroczek
 
Statystyki odpowiedzi
Odpowiedź % Poprawnych
Kosta Runjaić
86%
Robert Kolendowicz
81%
Jens Gustafsson
67%
Kazimierz Moskal
57%
Thomas Thomasberg
57%
Florian Krygier
33%
Romuald Szukielowicz
33%
Maciej Skorża
29%
Maciej Stolarczyk
29%
Mariusz Kuras
29%
Artur Skowronek
24%
Marcin Kaczmarek
19%
Jan Kocian
5%
Marcin Sasal
5%
Orest Lenczyk
5%
Nie znaleziono quizów pasujących do podanych kryteriów
Rozkład punktacji
Procent ludzi z każdym wynikiem
Percentyl według liczby udzielonych odpowiedzi
Twoja historia wyników
Nie rozwiązałeś tego quizu